Creatures of Supernatural (TV) - Statistics

General Stats
  • This quiz has been taken 2,323 times
  • The average score is 17 of 43
Answer Stats
Hint Answer % Correct
D - Human souls that has been tortured in hell and turned into an evil heart loose creatures Demons
95%
A - A spiritual race of celestial winged holy beings native to Heaven Angels
88%
V - Blood drinking creatures of myth Vampires
82%
G - The spirit of a deceased person that for some reason or another was unable to pass on to the next life Ghosts
79%
W - Creature that was once human, but now have the power to transform into a wolf whenever there is a full moon Werewolves
79%
Z - The living dead Zombies
71%
S - Humanlike creatures that start out human, but later learn how to change their form to look like anyone they want Shapeshifters
70%
L - Beasts created by God long before the creation of angels and humans Leviathans
66%
G - The supreme being and principal object of faith God
65%
W - Once humans, but after being forced to eat human flesh to survive, they become supernatural monsters that retain little human features in common Wendigos
62%
A - Extremely powerful celestial beings that were created by God Archangels
59%
R - Can only be seen by someone who is dead or near-death Reapers
57%
A - An all-female race of near-human creatures Amazons
56%
H - Heralds of the Apocalypse Four Horsemen
56%
G - Scavenger creatures that live in graveyards and traditionally feed on the flesh and blood of the dead Ghouls
52%
H - Deadly supernatural creatures which serve demons for various reasons Hellhounds
50%
S - Creatures that can take different forms to lure or compels people of the opposite sex to destroy themselves as a show of devotion, or to their death Siren
47%
W - Receives their power from Demons - presumably in exchange for their souls Witches & Warlockes
43%
C - The replacements for real children who are stolen away by fairies or other creatures and fed on Changeling
40%
F - Mischievous supernatural creatures that come in a variety of forms Fairies
40%
J - A new monster hybrid created by the Mother of All as a test subject Jefferson Starships
38%
A - Supernatural creatures who have abilities similar to those of spiders Arachnes
34%
D - A rare race of supernatural creatures that haven't been hunted or seen by hunters for at least 700 years Dragons
34%
C -Tthird class angels Cupids
32%
D - A rare race of supernatural cave dwelling hermits Djinns
32%
P - Has the power to burn anyone into ash with a simple touch of his hand Phoenix
29%
R - Creatures that feed on human flesh and will crave more the more they eat Rugarus
29%
S - Cousins of werewolves, due to their similarities Skinwalkers
29%
W - Supernatural creature that feeds on human's brainfluids and can infect them with high doses of dopamine Wraiths
28%
P - A broad group of indigenous and historical polytheistic religious traditions Pagan Gods
26%
E - A mysterious and powerful malevolent entity who was neither demon nor angel Eve
24%
W - Appears only when Lucifer rises. Once she appears it is her job to damn all the people she can to hell Whore of Babylon
23%
K - Supernatural creature that feeds on a certain part of the brain to live Kitsunes
19%
O - Monsters rarely seen outside of Japan Okami
14%
B - Spirit born from fear Buruburu
13%
S - A Japanese ghost-like monster that can only be seen when drunk Shojo
13%
K - A new type of supernatural creature created by the Mother of All Khan Worm
10%
V - Type of monster, almost snake-like, that hunt in pairs so they can capture their prey Vetala
10%
C - Mimics any person's voice to lure their victims out so they can feed on their souls Crocotta
9%
L - Looks like normal women and seduces young human men to squeeze their hearts and suck their blood Lamia
9%
R - creatures from Hindu mythology. They eat human flesh, sleep on a bed of dead insects and are great at shapeshifting Rakshasa
9%
A - Exist in the form of a little girl Acheri
8%
D - A creature of shadow, a special type of demon, which is periodically used by others demons Davea
7%
No matching quizzes found
Score Distribution
Percent of People with Each Score
Percentile by Number Answered
Your Score History
You have not taken this quiz